000 00830nam0a2200253 4500
001 RU\NLR\BIBL_A\011486239
005 20250626074918.0
035 _a(NLR Aleph) 011486239
090 _a11921622
_c11921622
100 _a20171002d1934 |||y0rusy50 ca
101 0 _ache
102 _aRU
105 _ay z 000gy
200 1 _aКерлин дуьне
_eхаьржинан стихеш
_fА. Нажаев
210 _aСоьлжа-ГIала
_cНохчоблзорб
_d1934
215 _a50,[1] с.
_d18
300 _aЛатин. графика
541 1 _aНовый мир
_eизбранные стихи
_zrus
686 1 _aШ6(2=Че)7-5
700 1 _aНажаев
_bА. И.
_f1895-1943
_gАхмад Идигович
_4070
852 _aNLR
_bОНЛ
_jЧеч./2-99
942 _cBOOK
980 _aNB